Erby na kachliciach

Bibliographic Details
Main Author: Novák, Jozef, 1930-2024 (Author)
Format: Article
Language:Slovak
PhysicalDescription:Obr. 3, lit. 5 zázn. v češ., nem., slov.
ISSN:0231-6722
Subjects:

MARC

LEADER 00000nab a2200000 a 4500
001 vtls000579481
003 SK-MaSNL
005 20260304090729.0
008 250425c1995 xo 0 slo
015 |a SNBRB19rr/mm-uuuuu 
035 |a CL0579619 
035 |a urn:nbn:sk:snk-ab7h5i 
035 |a (urnnbn)urn:nbn:sk:snk:ar-005s9e 
035 |a (uuid)0dd7285e-720f-4769-904a-55451c756c2d 
040 |a SNKBUCL  |b slo  |c SNKBUCL  |e AACR2 
041 0 |a slo 
044 |a xo  |c SK 
080 |a 929.6(437.6)"12/14":738.8"12/14"  |2 1981 
080 |a 738.8"12/14"  |2 1981 
100 1 |a Novák, Jozef,  |d 1930-2024  |4 aut  |9 246617 
245 1 0 |a Erby na kachliciach  |c Jozef Novák 
300 |b Obr. 3, lit. 5 zázn. v češ., nem., slov. 
650 0 7 |a erby  |2 snkbucl  |9 18910 
650 0 7 |a kachlice keramické  |2 snkbucl  |9 1376234 
655 7 |a články z novín a časopisov  |2 snkbucl  |9 267496 
773 0 |t Slovenská archivistika  |g Roč. 30, č. 2 (1995), s. 141-146  |x 0231-6722 
850 |a Slovenská národná knižnica 
852 |a Slovenská národná knižnica 
954 |a odborná, vedecká literatúra pôvodná (slovenská)  |2 lita 
958 |a article7 
958 |a OND 
958 |a NB 
958 |a RK 
958 |a EUIPO 
992 |a RBX 
999 |c 2812437  |d 2814367